Se tu soubesses o dom de deus (Record no. 123842)
[ view plain ]
| 000 -LEADER | |
|---|---|
| fixed length control field | 00491nam a22001577a 4500 |
| 008 - FIXED-LENGTH DATA ELEMENTS--GENERAL INFORMATION | |
| fixed length control field | 151208b xxu||||| |||| 00| 0 eng d |
| 020 ## - INTERNATIONAL STANDARD BOOK NUMBER | |
| International Standard Book Number | 9789723906486 |
| 050 ## - LIBRARY OF CONGRESS CALL NUMBER | |
| Classification number | BX2179.L8 M528 2006 |
| 100 ## - MAIN ENTRY--PERSONAL NAME | |
| Personal name | Melo, Luis Rocha E. |
| 9 (RLIN) | 21236 |
| 245 ## - TITLE STATEMENT | |
| Title | Se tu soubesses o dom de deus |
| Remainder of title | ensaio sobre oracao |
| Statement of responsibility, etc | /by Luis Rocha E Melo |
| 250 ## - EDITION STATEMENT | |
| Edition statement | 3rd ed. |
| 260 ## - PUBLICATION, DISTRIBUTION, ETC. (IMPRINT) | |
| Place of publication, distribution, etc | Lisboa |
| Name of publisher, distributor, etc | Fundacao |
| Date of publication, distribution, etc | 2006 |
| 300 ## - PHYSICAL DESCRIPTION | |
| Extent | 194p. ; |
| Dimensions | 21cm. |
| 650 ## - SUBJECT ADDED ENTRY--TOPICAL TERM | |
| Topical term or geographic name as entry element | Spiritual exercises |
| General subdivision | Criticism |
| 9 (RLIN) | 21237 |
| 942 ## - ADDED ENTRY ELEMENTS (KOHA) | |
| Source of classification or shelving scheme | Library of Congress Classification |
| Item type | Monograph ( Printed materials) |
| Withdrawn status | Lost status | Source of classification or shelving scheme | Damaged status | Not for loan | Collection code | Home library | Current library | Shelving location | Date acquired | Total Checkouts | Full call number | Barcode | Date last seen | Price effective from | Koha item type |
|---|---|---|---|---|---|---|---|---|---|---|---|---|---|---|---|
| Library of Congress Classification | Main Collection | ARRUPE LIBRARY | ARRUPE LIBRARY | Main Collection | 08/12/2015 | BX2179.L8 M528 2006 | 46500005705 | 22/11/2017 | 08/12/2015 | Monograph ( Printed materials) |